Giáo trình khí tượng nông nghiệp Dùng cho sinh viên các trường ĐH và CĐ nông nghiệp

Enregistré dans:
Détails bibliographiques
Auteur principal: Trần Đức Hạnh (chủ biên)
Format: Livre
Langue:Vietnamese
Publié: H. Nông nghiệp 1997
Sujets:
Tags: Ajouter un tag
Pas de tags, Soyez le premier à ajouter un tag!
Thư viện lưu trữ: Trung tâm Học liệu Lê Vũ Hùng, Trường Đại học Đồng Tháp
LEADER 00877pam a22002178a 4500
001 00025741
005 20171026081023.0
008 110811s1997 ||||||viesd
041 0 # |a vie 
082 1 4 |a 631.407 1  |b GI108TR 
100 0 # |a Trần Đức Hạnh  |e chủ biên 
245 0 0 |a Giáo trình khí tượng nông nghiệp  |b Dùng cho sinh viên các trường ĐH và CĐ nông nghiệp  |c Trần Đức Hạnh 
260 # # |a H.  |b Nông nghiệp  |c 1997 
300 # # |a 175tr.  |c 27cm. 
653 # # |a khí tượng 
653 # # |a nông nghiệp 
852 # # |b Kho giáo trình  |j KGT.0027245, KGT.0027246, KGT.0027247, KGT.0007852 
852 # # |b Kho mượn  |j KGT.0027245 
852 # # |j KGT.0007852  |j KGT.0027246  |j KGT.0027247  |j KGT.0027245 
910 |d 11/08/2011 
980 # # |a Trung tâm Học liệu Lê Vũ Hùng, Trường Đại học Đồng Tháp